| 000 | 00352nam a2200121 4500 | ||
|---|---|---|---|
| 005 | 20260530115311.0 | ||
| 245 | 1 | 0 | _aLiving Architecture • From Denmark Finland Norway Sweden. 16 |
| 264 | 1 |
_bLiving Architecture Denmark APS _c1998 |
|
| 300 | _a224 páginas | ||
| 336 |
_atexto _2rdacontent |
||
| 337 |
_asin medio _2rdamedia |
||
| 338 |
_avolumen _2rdacarrier |
||
| 999 |
_c13382 _d13382 |
||